000 00284nam a22001217a 4500
999 _c522832
_d522832
003 NUST
038 _aTanveer
082 _a891.4393
_bALM
245 _aHajjaj bin Yousaf /
_cIlyas M.A
260 _aLahore
_bElam o Irfan Publishers
_c2005.
300 _a224p.
_c25 cm.
942 _2ddc
_cBK